[Event "ch-IRI 2012"]
[Site "Zahedan IRI"]
[Date "2012.12.09"]
[Round "4.8"]
[White "Lorparizangeneh,S"]
[Black "Darban,M"]
[Result "0-1"]
[WhiteElo "2190"]
[BlackElo "2384"]

1.d4 Nf6 2.c4 e6 3.Nc3 Bb4 4.Qc2 O-O 5.a3 Bxc3+ 6.Qxc3 b6 7.Bg5 Bb7 8.e3 d6
9.Ne2 Nbd7 10.Qc2 h6 11.Bh4 e5 12.O-O-O Be4 13.Qd2 Bg6 14.f3 Re8 15.Bf2 Qb8
16.Nc3 Qb7 17.e4 exd4 18.Bxd4 Nc5 19.Kb1 Nb3 20.Qe3 Nxd4 21.Qxd4 a6 22.Be2 b5
23.c5 Rad8 24.Ka1 d5 25.e5 Nh7 26.f4 Nf8 27.Bg4 Ne6 28.Bxe6 fxe6 29.g4 a5
30.f5 exf5 31.gxf5 Bxf5 32.Nxd5 c6 33.Qf4 Rxd5 34.Rxd5 cxd5 35.Qxf5 Qf7 36.Qd3 b4
37.Rf1 Qb7 38.Rd1 Rxe5 39.a4 b3 40.Rc1 Qb4 41.Rd1 Qxa4+ 42.Kb1 d4  0-1

[Event "1st Korbach GM"]
[Site "Korbach GER"]
[Date "2012.12.12"]
[Round "5.6"]
[White "Svane,R"]
[Black "Pap,M"]
[Result "1-0"]
[WhiteElo "2371"]
[BlackElo "2521"]

1.d4 Nf6 2.c4 e6 3.Nc3 Bb4 4.Qc2 O-O 5.Nf3 b6 6.e4 d5 7.e5 Ne4 8.Bd3 Bb7
9.O-O Bxc3 10.bxc3 c5 11.Ba3 Na6 12.Rac1 Rc8 13.Qe2 Nc7 14.cxd5 exd5 15.Nd2 Qd7
16.f3 Nxd2 17.Qxd2 Qa4 18.Bb2 Ba6 19.Bxa6 Qxa6 20.f4 f5 21.exf6 Rxf6 22.c4 dxc4
23.d5 Rd6 24.f5 Ne8 25.f6 Nxf6 26.Bxf6 Rxf6 27.Rxf6 gxf6 28.d6 Qb7 29.Re1 Qf7
30.Re7 Qg6 31.d7 Rd8 32.Qd5+ Kf8 33.Qd6 Kg8 34.Qe6+ Kf8 35.Qd6 Kg8 36.h3 Kh8
37.Qe6 Rg8 38.Qxg8+ Qxg8 39.Re8  1-0

[Event "5th Kolkata Open"]
[Site "Kolkata IND"]
[Date "2012.12.13"]
[Round "11.23"]
[White "Mohota,N"]
[Black "Narayanan,Sri"]
[Result "1/2-1/2"]
[WhiteElo "2339"]
[BlackElo "2439"]

1.d4 Nf6 2.c4 e6 3.Nc3 Bb4 4.Qc2 O-O 5.Nf3 c5 6.dxc5 Na6 7.g3 Nxc5 8.Bg2 Nce4
9.O-O Nxc3 10.bxc3 Be7 11.Rd1 Qc7 12.Qd3 Rd8 13.Nd4 a6  1/2-1/2

[Event "XXIV Carlos Torre Magistral 2012"]
[Site "Merida MEX"]
[Date "2012.12.16"]
[Round "5.3"]
[White "Vera Gonzalez Quevedo,R"]
[Black "Hernandez Carmenates,Hold"]
[Result "1/2-1/2"]
[WhiteElo "2473"]
[BlackElo "2562"]

1.d4 Nf6 2.c4 e6 3.Nc3 Bb4 4.Qc2 O-O 5.Nf3 c5 6.dxc5 Na6 7.g3 Nxc5 8.Bg2 b6
9.O-O Bxc3 10.Qxc3 Bb7 11.Bf4 d5 12.Rad1 Qe7 13.Qa3 Rfd8 14.Ne5 h6 15.Be3 dxc4
16.Bxc5 bxc5 17.Rxd8+ Rxd8 18.Qxa7 Nd5 19.Bxd5 Rxd5 20.Nxc4 Rd7 21.Rc1 Bd5
22.Qa6 Ra7 23.Qc8+ Kh7 24.Ne3 Rxa2 25.Nxd5 exd5 26.Qxc5 Qxc5 27.Rxc5 Rxb2
28.Kf1 Rb1+ 29.Kg2 Rd1  1/2-1/2

[Event "19th Zadar Open B"]
[Site "Zadar CRO"]
[Date "2012.12.16"]
[Round "1.4"]
[White "Matko,O"]
[Black "Knezovic,I"]
[Result "1-0"]
[WhiteElo "2243"]
[BlackElo "1942"]

1.d4 Nf6 2.c4 e6 3.Nc3 Bb4 4.Qc2 O-O 5.e4 d5 6.e5 Ne4 7.Bd3 f5 8.Ne2 Nc6
9.O-O Be7 10.a3 dxc4 11.Bxe4 fxe4 12.Qxe4 Na5 13.Be3 c6 14.Qg4 Qe8 15.Ne4 b5
16.Bg5 Kh8 17.Nf4 Nb7 18.Rae1 Bd7 19.Re3 Rf5 20.Rh3 Bxg5 21.Nxg5 h6 22.Re1 Nd8
23.Ree3 Nf7 24.Ne4 Kg8 25.Nf6+ Rxf6 26.exf6 Ng5 27.Rhg3 e5 28.Qd1 exf4 29.Rxe8+ Rxe8
30.Rc3 Ne4 31.Rc2 Nxf6 32.Re2 Rd8 33.Re5 Be8 34.h3 Bg6 35.Qd2 Nd5 36.Qa5 Rd7
37.Re6 Ne7 38.Qe1 Kf8 39.Qe5 f3 40.Rxg6 Nxg6 41.Qf5+ Kg8  1-0

[Event "19th Zadar Open A"]
[Site "Zadar CRO"]
[Date "2012.12.17"]
[Round "2.10"]
[White "Kuljasevic,D"]
[Black "Jakovljevic,Vlado"]
[Result "1-0"]
[WhiteElo "2561"]
[BlackElo "2404"]

1.d4 Nf6 2.c4 e6 3.Nc3 Bb4 4.Qc2 O-O 5.a3 Bxc3+ 6.Qxc3 b6 7.Bg5 Ba6 8.Qf3 Nc6
9.e3 Bb7 10.Rc1 Rb8 11.Bxf6 Qxf6 12.Qxf6 gxf6 13.f3 Ne7 14.Bd3 c5 15.Ne2 f5
16.Kf2 f6 17.Rhd1 Kf7 18.d5 Rfd8 19.Nc3 Nc8 20.Be2 Nd6 21.b3 Ke7 22.f4 e5
23.h3 Rg8 24.g4 Rg7 25.Rg1 Rbg8 26.Bf3 h6 27.Rce1 Kd8 28.Rg2 e4 29.Be2 h5
30.Reg1 hxg4 31.hxg4 fxg4 32.Rxg4 Rxg4 33.Rxg4 Rxg4 34.Bxg4 f5 35.Be2 Ke7
36.Kg3 Kf6 37.Kh4 Kg6 38.a4 Bc8 39.Bd1 Bb7 40.a5 Kf6 41.axb6 axb6 42.Na4 Nc8
43.Kh5 d6 44.Nc3 Na7 45.Kh6 Bc8 46.Ne2 Bd7 47.Ng3 Nc8 48.Nh5+ Kf7 49.Kg5 Ne7
50.Nf6 Bc8 51.Bh5+ Kf8 52.Ne8 Bd7 53.Nxd6 b5 54.Nxb5 Bxb5 55.cxb5 Nxd5 56.Kxf5 Ke7
57.Ke5 Nxe3 58.b6 Kd7 59.Kxe4 Nc2 60.Kd5 Nb4+ 61.Kxc5 Nd3+ 62.Kb5 Nxf4 63.Ka6 Nd5
64.b7 Nc7+ 65.Ka5  1-0

[Event "11th IM Int"]
[Site "Sao Jose do Rio Preto BRA"]
[Date "2012.12.18"]
[Round "3.4"]
[White "Abdalla,L"]
[Black "Gallo Ponce,E"]
[Result "0-1"]
[WhiteElo "2322"]
[BlackElo "2248"]

1.d4 e6 2.c4 Nf6 3.Nc3 Bb4 4.Qc2 O-O 5.e4 d6 6.a3 Bxc3+ 7.bxc3 Nbd7 8.Bd3 c5
9.Ne2 Qc7 10.O-O b5 11.Ng3 bxc4 12.Be2 d5 13.e5 Ne8 14.Nh5 f5 15.g4 cxd4
16.cxd4 g6 17.Nf4 Ng7 18.gxf5 Rxf5 19.Bg4 Rg5 20.f3 Nf8 21.Ne2 Rf5 22.Bxf5 Nxf5
23.Rb1 Qe7 24.Qd2 Qh4 25.Qg5 Qxg5+ 26.Bxg5 Ba6 27.Rfd1 h6 28.Bd2 Nd7 29.Bc3 Rf8
30.Kf2 Nb8 31.Rg1 Kf7 32.Ng3 Nh4 33.Bb4 Rh8 34.Ke3 Nc6 35.Rb2 Nxd4 36.Kxd4 Nxf3+
37.Ke3 Nxg1 38.h4 d4+ 39.Ke4 Bb7+ 40.Kxd4 Nf3+ 41.Kc3 Bd5 42.Rf2 Ke8 43.h5 g5
44.Bd6 Kd7 45.Nf1 Rg8 46.Ne3 g4 47.Rb2 Kc6 48.a4 a5 49.Rb5 g3 50.Rc5+ Kb6
51.Rb5+ Ka6 52.Bc5 Rc8 53.Rb6+ Ka7 54.Rb5+ Ka8 55.Rxa5+ Kb7 56.Ra7+ Kb8 57.Bb6 Bb7
58.a5 Rc6 59.Ng2 Nxe5 60.Nf4 Nd7  0-1

[Event "19th Zadar Open B"]
[Site "Zadar CRO"]
[Date "2012.12.19"]
[Round "6.3"]
[White "Villegas,P"]
[Black "Franciskovic,B"]
[Result "1/2-1/2"]
[WhiteElo "2202"]
[BlackElo "2230"]

1.d4 Nf6 2.c4 e6 3.Nc3 Bb4 4.Qc2 O-O 5.a3 Bxc3+ 6.Qxc3 b5 7.cxb5 c6 8.Bg5 cxb5
9.e3 Bb7 10.Nf3 a6 11.Bd3 h6 12.Bh4 Nc6 13.O-O Rc8 14.Qd2 g5 15.Bg3 Na5 16.Qe2 Ne4
17.Ne1 Kg7 18.f3 Nxg3 19.hxg3 Nb3 20.Rd1 Nc1 21.Qd2 Nxd3 22.Nxd3 d6 23.Rc1 Qb6
24.Kf2 Rxc1 25.Rxc1 f6 26.Rc3 Rc8 27.Rxc8 Bxc8 28.Qc3 Bb7 29.e4 Kf7 30.Ke3 Bc6
31.Nc1 a5 32.b4 a4 33.Nd3 e5 34.Nc1 Bd7 35.g4 Be6 36.Ne2 Kg6 37.Ng3 Kf7 38.Nf5 Bxf5
39.gxf5 h5 40.Ke2 exd4 41.Qc8 Qa7 42.Qe6+ Kg7 43.Qxd6 Qf7 44.Qd5 Qc7 45.Qxd4 Qc2+
46.Qd2 Qc4+ 47.Ke3 Kh6 48.Qd6 Qc3+ 49.Kf2 h4 50.Kg1 Kh5 51.Qb8 g4 52.Qe8+ Kg5
53.Qg6+ Kf4 54.Qxg4+ Ke3 55.Qxh4 Qxa3 56.Qxf6 Qxb4 57.Qh6+ Ke2 58.f6 a3 59.f7 a2
60.f8=Q a1=Q+ 61.Kh2 Qbe1 62.Qhf6 Qh1+ 63.Kg3 Qae1+ 64.Kf4 Qd2+ 65.Kf5 Qxg2
66.f4 Qh3+ 67.Kg6 Qg4+ 68.Kh7 Qdd7+ 69.Q8f7 Qh5+ 70.Kg7 Qhg4+ 71.Kh6 Qh3+
72.Qh5+ Qxh5+ 73.Kxh5 Qh3+ 74.Kg5  1/2-1/2

[Event "XLII Rilton Cup"]
[Site "Stockholm SWE"]
[Date "2012.12.28"]
[Round "2.2"]
[White "Socko,B"]
[Black "Zaiatz,E"]
[Result "1/2-1/2"]
[WhiteElo "2631"]
[BlackElo "2427"]

1.d4 Nf6 2.c4 e6 3.Nc3 Bb4 4.Qc2 O-O 5.e4 d6 6.a3 Bxc3+ 7.bxc3 Nbd7 8.Bd3 e5
9.Ne2 Re8 10.O-O c5 11.d5 Nf8 12.f3 h6 13.Be3 b6 14.a4 Bd7 15.Ra2 g5 16.g3 Ng6
17.Kh1 Rc8 18.Ng1 Kg7 19.Rfa1 a5 20.Re1 Rh8 21.Bf1 Rb8 22.Bc1 g4 23.fxg4 Nxg4
24.h3 h5 25.Qd3 h4 26.hxg4 hxg3+ 27.Bh3 Qh4 28.Kg2 Nf4+ 29.Bxf4 exf4 30.Kf3 Qg5
31.Qd2 Rh6 32.Rf1 Rxh3 33.Qxf4 Qxf4+ 34.Kxf4 Rh4 35.Ne2 Rxg4+ 36.Kf3 g2 37.Rg1 f5
38.exf5 Rxc4 39.Rxg2+ Kf7 40.Rg6 Bxf5 41.Rxd6 Ke7 42.Rh6 Be4+ 43.Ke3 Bxd5
44.Rb2 Re4+ 45.Kd3 Re6 46.Rxe6+ Bxe6 47.c4 Kd6 48.Nf4 Bd7 49.Rh2 Bxa4 50.Rh6+ Ke5
51.Nd5 b5 52.Rh5+ Kd6 53.Rh6+ Kd7 54.Rh7+ Kd6 55.Rh6+ Ke5  1/2-1/2

[Event "36th Zurich Christmas Open"]
[Site "Zuerich SUI"]
[Date "2012.12.29"]
[Round "6.17"]
[White "Sbarra,M"]
[Black "Zude,A"]
[Result "0-1"]
[WhiteElo "2250"]
[BlackElo "2467"]

1.d4 Nf6 2.c4 e6 3.Nc3 Bb4 4.Qc2 O-O 5.a3 Bxc3+ 6.Qxc3 b6 7.Bg5 h6 8.Bh4 Bb7
9.e3 d6 10.Ne2 Nbd7 11.Qd3 Qe7 12.Nc3 c5 13.Rd1 Rfd8 14.d5 Ne5 15.Qc2 a6
16.Be2 Ng6 17.Bg3 exd5 18.cxd5 b5 19.O-O b4 20.axb4 cxb4 21.Na4 Rac8 22.Qb3 a5
23.Rfe1 Ne4 24.Bg4 Rc7 25.Bf5 Nxg3 26.hxg3 Ne5 27.Rc1 Ba6 28.Rxc7 Qxc7 29.Qc2 Qxc2
30.Bxc2 Bb5 31.Ra1 g6 32.Bd1 Rc8 33.Nb6 Rb8 34.Na4 Bxa4 35.Bxa4 Nd3 36.Rb1 b3
37.Kf1 Rb4 38.Ke2 Nc5 39.Bc6 Rc4 40.f3 Rc2+ 41.Kf1 a4 42.Bb5 Rxb2 43.Rxb2 a3  0-1

[Event "XXIII Krakow Open"]
[Site "Krakow POL"]
[Date "2012.12.30"]
[Round "5.30"]
[White "Martinsen,S"]
[Black "Pettersson,Al"]
[Result "1/2-1/2"]
[WhiteElo "2166"]
[BlackElo "1996"]

1.d4 Nf6 2.c4 e6 3.Nc3 Bb4 4.Qc2 O-O 5.e4 Bxc3+ 6.bxc3 d6 7.Bd3 e5 8.Ne2 c5
9.d5 Nbd7 10.Ng3 Re8 11.f3 Nf8 12.Bg5 h6 13.Be3 Bd7 14.O-O Ng6 15.Qd2 Rb8
16.h3 a6 17.a4 b6 18.Kh2 Qe7 19.Nf5 Bxf5 20.exf5 Nf8 21.Bc2 N8h7 22.g4 e4
23.f4 Nxg4+ 24.hxg4 Qh4+ 25.Kg2 Qxg4+ 26.Kf2 Nf6 27.Rg1 Qf3+ 28.Ke1 Ng4 29.Rxg4 Qxg4
30.Qh2 Qxf5 31.Kd2 Re7 32.Rg1 Kh8 33.Qg2 f6 34.Rb1 b5 35.axb5 axb5 36.cxb5 Qxd5+
37.Kc1 Qc4 38.Qd2 Rxb5 39.Rxb5 Qxb5 40.Qxd6 Qf1+ 41.Qd1 Qxd1+ 42.Kxd1 c4
43.f5 Re5 44.Ke2 Rxf5 45.Bxe4 Re5 46.Kf3 f5 47.Bb7 Kh7 48.Ba6 Re7  1/2-1/2

[Event "25th Staufer Open"]
[Site "Schwaebisch Gmuend GER"]
[Date "2013.01.02"]
[Round "1.22"]
[White "Rolf,Marco"]
[Black "Oberhofer,A"]
[Result "1/2-1/2"]
[WhiteElo "1864"]
[BlackElo "2287"]

1.d4 Nf6 2.c4 e6 3.Nc3 Bb4 4.Qc2 O-O 5.Nf3 b6 6.e4 Bb7 7.Bd3 d5 8.cxd5 exd5
9.e5 Ne4 10.O-O Bxc3 11.bxc3 c5 12.Be3 Nd7 13.Nd2 f5 14.f3 f4 15.Bxf4 Nxc3
16.Be3 c4 17.Qxc3  1/2-1/2

[Event "Australian Open 2013"]
[Site "Cammeray AUS"]
[Date "2013.01.03"]
[Round "2.41"]
[White "Dibley,Shane E"]
[Black "Drew,Phillip"]
[Result "0-1"]
[WhiteElo "1700"]
[BlackElo "1889"]

1.d4 Nf6 2.c4 e6 3.Nc3 Bb4 4.Qc2 O-O 5.Bg5 h6 6.Bh4 b6 7.e3 Ba6 8.Nf3 d6
9.Bd3 Nbd7 10.O-O Bxc3 11.Qxc3 c5 12.Rad1 Bb7 13.Nd2 Qc7 14.Be2 cxd4 15.exd4 d5
16.Bg3 Qc8 17.Bd6 Re8 18.c5 bxc5 19.dxc5 e5 20.b4 d4 21.Qa3 Nd5 22.Bc4 N7f6
23.Nf3 Qf5 24.Rfe1 Nc3 25.Rd3 Be4 26.Nxe5 Bxd3 27.Bxf7+ Kh8 28.Bxe8 Rxe8
29.f3 Ne2+ 30.Kh1 Rxe5 31.Bxe5 Qxe5 32.Rd1 Nc3  0-1

[Event "Australian Open 2013"]
[Site "Cammeray AUS"]
[Date "2013.01.12"]
[Round "10.3"]
[White "Li,Zuhao Luke"]
[Black "Khenkin,I"]
[Result "0-1"]
[WhiteElo "2261"]
[BlackElo "2659"]

1.d4 Nf6 2.c4 e6 3.Nc3 Bb4 4.Qc2 O-O 5.a3 Bxc3+ 6.Qxc3 d6 7.f3 d5 8.cxd5 exd5
9.e3 Bf5 10.g4 Ne4 11.fxe4 Qh4+ 12.Kd1 Bxe4 13.Qxc7 Bxh1 14.Be2 Nc6 15.Bd2 Rac8
16.Qg3 Qxg3 17.hxg3 f5 18.g5 Nd8 19.Bc3 Bg2 20.Ke1 Nf7 21.Kf2 Be4 22.Nh3 Rc6
23.a4 Rfc8 24.Ra3 a6 25.a5 h6 26.gxh6 Rxh6 27.Bf1 Nd6 28.Kg1 Nc4 29.Rb3 Nxe3
30.Bd2 f4 31.gxf4 Nxf1 32.Kxf1 Rc2 33.Ke1 Bf5 34.Nf2 Rh2 35.Be3 Rg2 36.Kf1 Rg3
37.Nd1 Bh3+ 38.Ke1 Rf3  0-1

[Event "Century West Open"]
[Site "Los Angeles USA"]
[Date "2013.01.13"]
[Round "5"]
[White "Remlinger,L"]
[Black "Amerkeshev,M"]
[Result "1-0"]
[WhiteElo "2309"]
[BlackElo "2191"]

1.d4 Nf6 2.c4 e6 3.Nc3 Bb4 4.Qc2 O-O 5.a3 Bxc3+ 6.Qxc3 Qe8 7.g3 d6 8.Bg2 a5
9.b3 Ra7 10.Bb2 a4 11.b4 b5 12.c5 Bb7 13.f3 Nc6 14.e4 e5 15.d5 Nd4 16.c6 Bc8
17.Rd1 Ra8 18.Rxd4 exd4 19.Qxd4 Qe7 20.Ne2 Ne8 21.g4 h5 22.h3 h4 23.Kf2 f6
24.f4 g6 25.Re1 Ng7 26.Ng1 g5 27.Qd2 Ba6 28.Nf3 Rae8 29.Kg1 Bc8 30.fxg5 fxg5
31.Nxg5 Rd8 32.Nf3 Rf7 33.Qh6 Rdf8 34.Ng5  1-0

[Event "38th Seville Open"]
[Site "Seville ESP"]
[Date "2013.01.13"]
[Round "3.8"]
[White "Herraiz Hidalgo,H"]
[Black "Sgnaolin,D"]
[Result "1/2-1/2"]
[WhiteElo "2488"]
[BlackElo "2269"]

1.d4 Nf6 2.c4 e6 3.Nc3 Bb4 4.Qc2 O-O 5.a3 Bxc3+ 6.Qxc3 d5 7.Bg5 c5 8.dxc5 d4
9.Qc2 h6 10.Bd2 e5 11.e4 a5 12.Rb1 a4 13.Bd3 Nbd7 14.Bb4 Re8 15.Nf3 Qc7 16.c6 bxc6
17.c5 Nf8 18.Nd2 Be6 19.f3 Nh5 20.g3 g6 21.O-O Qe7 22.Rf2 Red8 23.Kh1 g5
24.Rg1 Qf6 25.b3 axb3 26.Nxb3 Bxb3 27.Qxb3 Ng7 28.Rc1 Nge6 29.Qd1 Kg7  1/2-1/2

[Event "38th Seville Open"]
[Site "Seville ESP"]
[Date "2013.01.14"]
[Round "4.9"]
[White "Mirzoev,A"]
[Black "Montero Melendez,R"]
[Result "1-0"]
[WhiteElo "2547"]
[BlackElo "2316"]

1.d4 Nf6 2.c4 e6 3.Nc3 Bb4 4.Qc2 O-O 5.a3 Bxc3+ 6.Qxc3 b5 7.cxb5 c6 8.Qg3 Ne4
9.Qd3 f5 10.Bf4 g5 11.Bc1 cxb5 12.f3 Nd6 13.Nh3 h6 14.Nf2 Bb7 15.h4 Rf7 16.hxg5 hxg5
17.Rh5 Rg7 18.d5 Na6 19.dxe6 dxe6 20.Rxg5 Rxg5 21.Bxg5 Qxg5 22.Qxd6 Qe3 23.Nd1 Qb3
24.Rc1 Rf8 25.e3 Rf7 26.Rc3 Qd5 27.Qxd5 exd5 28.Bxb5 Nc7 29.Bc6 Ba6 30.b4 Kg7
31.Kf2 Kf6 32.a4 Ke5 33.b5 Bc8 34.Nb2 Kd6 35.Nd3 Rh7 36.Rc1 Rh4 37.Nf4 Ne6
38.Kg3 Nxf4 39.Kxh4 Nxg2+ 40.Kg5 Nxe3 41.Bxd5  1-0

[Event "Prague Open A 2013"]
[Site "Prague CZE"]
[Date "2013.01.15"]
[Round "8.12"]
[White "Dale,Ari"]
[Black "Plischki,S"]
[Result "0-1"]
[WhiteElo "2160"]
[BlackElo "2367"]

1.d4 Nf6 2.c4 e6 3.Nc3 Bb4 4.Qc2 O-O 5.a3 Bxc3+ 6.Qxc3 Qe8 7.f3 d6 8.Bg5 Nfd7
9.e3 e5 10.O-O-O f5 11.Bh4 Nc6 12.d5 Ne7 13.Bd3 Nc5 14.Bc2 a5 15.Ne2 Ng6
16.Bf2 Bd7 17.h4 Ne7 18.h5 h6 19.Bh4 Kh8 20.Rhg1 Ng8 21.g4 fxg4 22.fxg4 Rf3
23.g5 Qxh5 24.gxh6 Nxh6 25.Bg5 Rh3 26.Nf4 exf4 27.Bf6 Ng4 28.Bxg7+ Kg8 29.Rdf1 f3
30.Qd4 Re8 31.Bh8 Re7 32.b4 axb4 33.axb4 Ne4 34.Bf6 Nxf6 35.Qxf6 Qe5 36.Qg6+ Rg7  0-1

[Event "Paul Keres Mem IM 2013"]
[Site "Tallin EST"]
[Date "2013.01.15"]
[Round "4.4"]
[White "Purtseladze,M"]
[Black "Shishkov,A"]
[Result "1-0"]
[WhiteElo "2313"]
[BlackElo "2382"]

1.d4 Nf6 2.c4 e6 3.Nc3 Bb4 4.Qc2 O-O 5.a3 Bxc3+ 6.Qxc3 b5 7.cxb5 c6 8.Bg5 cxb5
9.e3 Bb7 10.Nf3 a6 11.Bd3 Nc6 12.b4 h6 13.Bh4 Rc8 14.Qb2 Qe7 15.O-O g5 16.Nxg5 hxg5
17.Bxg5 e5 18.d5 Nd8 19.f4 Qd6 20.Bxf6 Qxd5 21.Rf3 Qxd3 22.Rh3  1-0

[Event "Dvorkovich Mem 2013"]
[Site "Taganrog RUS"]
[Date "2013.01.19"]
[Round "5.16"]
[White "Mandrikin,I"]
[Black "Neverov,V"]
[Result "1/2-1/2"]
[WhiteElo "2273"]
[BlackElo "2499"]

1.d4 Nf6 2.c4 e6 3.Nc3 Bb4 4.Qc2 O-O 5.a3 Bxc3+ 6.Qxc3 b6 7.Nf3 d6 8.Bg5 Nbd7
9.g3 Bb7 10.Bg2 Rc8 11.Bxf6 Nxf6 12.O-O c5 13.Rfd1 Qe7 14.b4 cxb4 15.Qxb4 Rc7
16.Nd2 Bxg2 17.Kxg2 Rfc8 18.a4 e5 19.e3 exd4 20.exd4 d5 21.Qxe7 Rxe7 22.cxd5 Nxd5
23.Rdc1 Rd8 24.Kf3 h5 25.h4 Nf6 26.Rc4 Rd5 27.Rac1 Rf5+ 28.Kg2 Re2 29.Nf3 Ng4
30.Rc8+ Kh7 31.Ng5+ Kg6 32.Nh3 Nxf2 33.R1c6+ f6 34.Nf4+ Rxf4 35.gxf4 Ng4+
36.Kf3 Re3+ 37.Kg2 Re2+ 38.Kg3 Re3+ 39.Kg2 Kf5 40.d5 Re2+ 41.Kf1 Rd2 42.d6 Nh2+
43.Ke1 Nf3+ 44.Kf1 Kxf4 45.R8c7 Nh2+ 46.Ke1 Nf3+ 47.Kf1 g5 48.hxg5 Nh2+ 49.Ke1 Nf3+
50.Kf1 Kg3 51.Rc2 Nh2+ 52.Ke1 Nf3+ 53.Kf1 Rd1+ 54.Ke2 Rxd6 55.g6 Nd4+ 56.Kf1 Nxc2
57.g7 Rd1+ 58.Ke2 Rd8 59.Rxc2 Rg8 60.Kf1 h4 61.Rc3+ Kg4 62.Rc7 a5 63.Kg2 f5
64.Rd7 f4 65.Kh2 Kf5 66.Kh3 Ke6 67.Rb7 f3 68.Rxb6+ Kf5 69.Rb7 Kf4 70.Rf7+ Ke3
71.Re7+ Kd3 72.Kh2 Kd2 73.Kh3 Kc2 74.Rf7 Kd2 75.Rxf3 Rxg7 76.Rf5 Ra7 77.Kxh4 Kc3
78.Rb5  1/2-1/2

[Event "TCh-SVK Extraliga 2012-13"]
[Site "Slovakia SVK"]
[Date "2013.01.20"]
[Round "6.5"]
[White "Likavsky,T"]
[Black "Petrik,T"]
[Result "1/2-1/2"]
[WhiteElo "2449"]
[BlackElo "2534"]

1.d4 Nf6 2.c4 e6 3.Nc3 Bb4 4.Qc2 O-O 5.a3 Bxc3+ 6.Qxc3 b6 7.Bg5 Bb7 8.e3 d6
9.Ne2 Nbd7 10.Qc2 c5 11.Rd1 Rc8 12.Nc3 cxd4 13.Rxd4 Qe7 14.f3 d5 15.cxd5 exd5
16.Bb5 Nc5 17.Qf5 Qe6 18.Bd3 Nxd3+ 19.Qxd3 Nd7 20.Kf2 Nc5 21.Qc2 Qe5 22.Bf4 Qf6
23.Nxd5 Bxd5 24.Rxd5 Ne6 25.Qd2 Nxf4 26.exf4 Qh4+ 27.g3 Qh3 28.f5 f6 29.Qd3 h6
30.Rd4 Rc5 31.b4 Re5 32.Rh4 Qxf5 33.Qxf5 Rxf5 34.Rd4 Rc8 35.Rhd1 a5 36.f4 Rc2+
37.R1d2 Rxd2+ 38.Rxd2 axb4 39.axb4 Rb5 40.Rd4 Kf7 41.Ke3 Ke6 42.Rc4 Kd6 43.Kd4 Rh5
44.h4 Rd5+ 45.Ke3 h5 46.Rc8 Rb5 47.Rc4 Kd5 48.Kd3 Ke6 49.Rc6+ Kd7 50.Rc4 Kd6
51.Kc3 Rd5 52.Rc8 Ke6 53.Rc7 g6 54.Rc6+ Rd6 55.Rxd6+ Kxd6 56.Kc4 Kc6 57.b5+ Kd6
58.Kd4 Ke6 59.Ke4 f5+ 60.Kd4 Kd6  1/2-1/2

[Event "TCh-LTU 2013"]
[Site "Vilnius LTU"]
[Date "2013.01.20"]
[Round "1.1"]
[White "Vedrickas,T"]
[Black "Kveinys,A"]
[Result "1-0"]
[WhiteElo "2261"]
[BlackElo "2527"]

1.d4 Nf6 2.c4 e6 3.Nc3 Bb4 4.Qc2 O-O 5.Nf3 d5 6.Bg5 c5 7.e3 cxd4 8.exd4 h6
9.Bh4 b6 10.a3 Be7 11.O-O-O Bb7 12.Bxf6 Bxf6 13.cxd5 Bxd5 14.Nxd5 Qxd5 15.Kb1 Nd7
16.Bc4 Qd6 17.Qe4 Rfd8 18.h4 Rab8 19.g4 b5 20.Bb3 g6 21.g5 hxg5 22.Nxg5 Bg7
23.Bxe6 fxe6 24.Qxg6 Qe7 25.Qh7+ Kf8 26.Rhg1 Rb6 27.h5 Nf6 28.Qg6 b4 29.a4 b3
30.h6 Bh8 31.Rd3 Rd5 32.Rf3 Rf5 33.Rc3 Rxg5 34.Rxg5 Qd7 35.h7 Ke7 36.Qg7+ Kd6  1-0

[Event "Asian Zone 3.3"]
[Site "Tagaytay City PHI"]
[Date "2013.01.24"]
[Round "4.7"]
[White "Paragua,M"]
[Black "Munkhgal,G"]
[Result "1/2-1/2"]
[WhiteElo "2519"]
[BlackElo "2372"]

1.d4 Nf6 2.c4 e6 3.Nc3 Bb4 4.Qc2 O-O 5.e4 d5 6.e5 Ne4 7.Bd3 c5 8.Ne2 cxd4
9.Nxd4 Nd7 10.Bf4 Qh4 11.g3 Qh5 12.Be2 Qg6 13.a3 Bc5 14.Be3 Nxc3 15.Qxc3 dxc4
16.f4 Nb6 17.Bf3 Nd5 18.Qxc4 b6 19.Bf2 a5 20.f5 Qh6 21.Qc1 Qh3 22.Qg5 Bxd4
23.Bxd4 h6 24.Qd2 Ba6 25.f6 Qf5 26.Kf2 Rac8 27.Rac1 gxf6 28.g4 Qg6 29.exf6 Nxf6
30.Qf4 Nd7 31.Be4 Qg5 32.Qxg5+ hxg5 33.b4 axb4 34.axb4 f6 35.Kg3 Kf7 36.Bc6 Nb8
37.Be4 Nd7 38.Bc6 Nb8 39.Bf3 Nd7 40.Bc6  1/2-1/2

[Event "15th Nord-West Cup"]
[Site "Bad Zwischenahn GER"]
[Date "2013.01.26"]
[Round "4.6"]
[White "Svane,R"]
[Black "Fish,G"]
[Result "1-0"]
[WhiteElo "2405"]
[BlackElo "2475"]

1.d4 Nf6 2.c4 e6 3.Nc3 Bb4 4.Qc2 O-O 5.Nf3 d6 6.Bd2 c5 7.dxc5 Bxc5 8.Bg5 Nbd7
9.a3 a6 10.e3 h6 11.Bh4 d5 12.cxd5 exd5 13.Nxd5 g5 14.Nxf6+ Qxf6 15.Bg3 Bb6
16.Rd1 Re8 17.Bc4 Bc5 18.Rd5 Qg7 19.Rf5 Re7 20.Rxc5 Nxc5 21.Bd6  1-0

[Event "18th HIT Open A 2013"]
[Site "Nova Gorica SLO"]
[Date "2013.01.26"]
[Round "3.26"]
[White "Nardin,F"]
[Black "Franca,Veronika"]
[Result "0-1"]
[WhiteElo "1859"]
[BlackElo "1948"]

1.d4 Nf6 2.c4 e6 3.Nc3 Bb4 4.Qc2 O-O 5.e4 d5 6.e5 Ne4 7.Bd3 f5 8.exf6 Nxf6
9.Nf3 c5 10.Be3 Nc6 11.cxd5 exd5 12.O-O Bg4 13.Ne5 Nxd4 14.Bxd4 cxd4 15.Bxh7+ Nxh7
16.Nxg4 dxc3 17.bxc3 Rc8 18.Qg6 Bxc3 19.Rac1 Qg5 20.Qe6+ Kh8 21.f4 Bd4+ 22.Kh1 Qxf4
23.Qxc8 Qxf1+ 24.Rxf1 Rxc8 25.h4 Nf6 26.Nh2 Rc2 27.Rd1 Bf2  0-1

[Event "TCh-HUN 2012-13"]
[Site "Mako HUN"]
[Date "2013.01.27"]
[Round "6"]
[White "Balla,Ta"]
[Black "Medvegy,Z"]
[Result "1/2-1/2"]
[WhiteElo "2381"]
[BlackElo "2561"]

1.d4 Nf6 2.c4 e6 3.Nc3 Bb4 4.Qc2 O-O 5.a3 Bxc3+ 6.Qxc3 d6 7.Bg5 Nbd7 8.e3 b6
9.Ne2 Ba6 10.Qc2 c5 11.dxc5 bxc5 12.Nc3 Qc7 13.Be2 Rab8 14.Rb1 h6 15.Bh4 Ne5  1/2-1/2

[Event "Asian Zone 3.3"]
[Site "Tagaytay City PHI"]
[Date "2013.01.27"]
[Round "7.7"]
[White "Paragua,M"]
[Black "Bitoon,R"]
[Result "1-0"]
[WhiteElo "2519"]
[BlackElo "2411"]

1.d4 Nf6 2.c4 e6 3.Nc3 Bb4 4.Qc2 O-O 5.Nf3 b6 6.e4 d5 7.e5 Ne4 8.Bd3 Bb7
9.O-O Bxc3 10.bxc3 c5 11.cxd5 exd5 12.dxc5 Nd7 13.cxb6 axb6 14.Be3 Qc7 15.Bd4 Ra6
16.Qb2 Rfa8 17.Rfb1 h6 18.h3 Qc8 19.Ne1 Ng5 20.Nc2 Ra5 21.Ne3 Ba6 22.Bc2 Ne6
23.Nf5 Qc7 24.Nd6 Qd8 25.Bxb6 Qg5 26.Bxa5 Nf4 27.g3 Nxh3+ 28.Kh2 Nxf2 29.Bf5 Qh5+
30.Kg2 Nd3 31.Qd2 N3xe5 32.g4 Qh4 33.Rh1 Qe7 34.Qxd5 Qf8 35.Bb4 Rb8  1-0

[Event "6th Gora Sw Anny OpA"]
[Site "Gora Swietej Anny POL"]
[Date "2013.02.03"]
[Round "10.3"]
[White "Hnydiuk,A"]
[Black "Kveinys,A"]
[Result "0-1"]
[WhiteElo "2416"]
[BlackElo "2527"]

1.d4 Nf6 2.c4 e6 3.Nc3 Bb4 4.Qc2 O-O 5.a3 Bxc3+ 6.Qxc3 b6 7.Bg5 Bb7 8.e3 Re8
9.Ne2 h6 10.Bh4 Qe7 11.Qc2 c5 12.Rd1 d5 13.cxd5 exd5 14.Qf5 Qe4 15.Qxe4 Nxe4
16.Nc3 cxd4 17.Rxd4 Nxc3 18.bxc3 Rc8 19.Kd2 Nc6 20.Rxd5 Na5 21.Rd7 Bc6 22.Rd6 Bxg2
23.Bxg2 Nc4+ 24.Kc2 Nxd6 25.Bxa8 Rxa8 26.Rd1 Ne4 27.f3 Nc5 28.Be7 Rc8 29.Bxc5 Rxc5
30.Rd8+ Kh7 31.Rd7 Rh5 32.Rxa7 Rxh2+ 33.Kd3 f6 34.Rb7 h5 35.Rxb6 h4 36.f4 h3
37.Ke4 Rf2 38.Kf5 h2 39.Rb1 Rg2 40.Rh1 g5 41.fxg5 fxg5 42.c4 g4 43.c5 g3
44.c6 Rg1 45.c7 Rxh1 46.c8=Q Rf1+ 47.Kg5 h1=Q 48.Qd7+ Kg8 49.Qe8+ Kg7 50.Qe7+ Rf7
51.Qe5+ Kh7  0-1

[Event "Moscow Open B 2013"]
[Site "Moscow RUS"]
[Date "2013.02.06"]
[Round "5.2"]
[White "Romanko,M"]
[Black "Tomnikova,L"]
[Result "1-0"]
[WhiteElo "2349"]
[BlackElo "2134"]

1.d4 Nf6 2.c4 e6 3.Nc3 Bb4 4.Qc2 O-O 5.a3 Bxc3+ 6.Qxc3 d6 7.Bg5 Nbd7 8.e3 b6
9.Nf3 Ba6 10.Nd2 h6 11.Bh4 Rc8 12.b4 c5 13.dxc5 bxc5 14.b5 Bb7 15.f3 d5 16.Be2 e5
17.O-O d4 18.Qc1 dxe3 19.Nb3 Re8 20.Qxe3 Ng4 21.fxg4 Qxh4 22.Rad1 Rc7 23.a4 Qe7
24.Rd2 Nf8 25.Rfd1 Ng6 26.a5 Bc8 27.h3 Nf4 28.Bf1 Qg5 29.Re1 e4 30.g3 Ng6
31.Qxg5 hxg5 32.Rd5 Ne5 33.Kf2 Rce7 34.Nxc5 e3+ 35.Kg2 Nd7 36.Be2 f6 37.Bf3 e2
38.Nxd7 Bxd7 39.Kf2 Be6  1-0

[Event "Moscow Open B 2013"]
[Site "Moscow RUS"]
[Date "2013.02.08"]
[Round "7.1"]
[White "Romanko,M"]
[Black "Stetsko,L"]
[Result "1-0"]
[WhiteElo "2349"]
[BlackElo "2184"]

1.d4 Nf6 2.c4 e6 3.Nc3 Bb4 4.Qc2 O-O 5.a3 Bxc3+ 6.Qxc3 d5 7.Nf3 dxc4 8.Qxc4 b6
9.Bg5 Ba6 10.Qa4 c5 11.dxc5 bxc5 12.Rc1 Qb6 13.Bxf6 gxf6 14.Rc2 Rd8 15.e3 Bxf1
16.Rxf1 Nd7 17.Ke2 a6 18.Rd1 Ne5 19.Nxe5 fxe5 20.Qg4+ Kf8 21.Qc4 Rxd1 22.Kxd1 Rd8+
23.Kc1 Rd5 24.e4 Rd4 25.Qxc5+ Qxc5 26.Rxc5 Rxe4 27.Kd2 Rd4+ 28.Ke3 Rd5 29.Rxd5 exd5
30.f4 f6 31.fxe5 fxe5 32.g4 h5 33.gxh5 Kg7 34.b4 Kh6 35.a4 Kxh5 36.b5 axb5
37.axb5  1-0

[Event "77th ch-BUL SF 2013"]
[Site "Plovdiv BUL"]
[Date "2013.02.14"]
[Round "5.3"]
[White "Enchev,I"]
[Black "Arnaudov,G"]
[Result "1-0"]
[WhiteElo "2441"]
[BlackElo "2471"]

1.d4 Nf6 2.c4 e6 3.Nc3 Bb4 4.Qc2 O-O 5.a3 Bxc3+ 6.Qxc3 Qe8 7.f3 d6 8.e4 e5
9.d5 a5 10.b3 c6 11.Be3 a4 12.b4 cxd5 13.cxd5 Bd7 14.Qc7 Qc8 15.Rc1 Qxc7
16.Rxc7 Rc8 17.Rxc8+ Bxc8 18.Ne2 Na6 19.Nc3 Bd7 20.Kd2 Nc7 21.Bb6 Nfe8 22.Be2 Kf8
23.b5 Ke7 24.Rb1 f5 25.Rb4 f4 26.Bd1 g5 27.h3 h5 28.Rxa4 Rxa4 29.Bxa4 Na8
30.Bf2 b6 31.Bc2 h4 32.a4 Kd8 33.Nd1 Nf6 34.Nb2 Kc7 35.Nc4 Be8 36.Kc3 Bxb5
37.axb5 Nd7 38.Kb4 Nf6 39.Be1 Kd7 40.Bc3 Ke7 41.Bxe5 dxe5 42.Nxe5 Nc7 43.Nc4  1-0